000 00739nam a2200253Ia 4500
003 OSt
005 20220918165313.0
006 a|||||r|||| 00| 0
007 ta
008 220917b |||||||| |||| 00| 0 eng d
020 _a1873410700 (hbk)
024 _a157,884
037 _cTextual
040 _aARTS
_cARTS
_beng
041 _2eng
_aeng
082 _aY73:1.42.N, N8
100 _aTurnbull Stephen
_923649
245 0 _aKakure kirishitan of Japan
_b a study of their development, beliefs and rituals to the present days
260 _aSurrey
_bJapan Library
_c1998
300 _axii, 296p.
_ccm.
650 _aSOCIOLOGY
942 _hY73:1.42.N, N8
_cTEXL
_2CC
999 _c129180
_d129180